000 00503nam a2200169 i 4500
001 88660
003 ES-MaACL
005 20230906175911.0
007 t|
008 050105s1920 fr ||||1| fre d
100 1 _aLang, E. B.
_969999
245 1 0 _aRégles de l'orthographe allemande avec vocabulaire /
_creproduction du texte officiel et tradution francaise par E.B. Lang.
250 _a2eme ed.
260 _aParis :
_bVuibert,
_c1920.
300 _a81 p. ;
_c19 cm.
852 _aES-MaACL
_j1798-F-1
999 _c88660
_d88660